Celebrities Giving Bunny Ears Quiz Stats

Quiz Updated Nov 28, 2015

Challenge
Share
Tweet
Score 0/16 Timer 04:00
3 Plays Today
% Correct
Joan Rivers
88.2%
Paris Hilton
86.9%
Fergie
83.1%
Dustin Hoffman
81.6%
Rihanna
76.8%
Muhammad Ali
76%
Zooey Deschanel
60.2%
Nicole Richie
57.8%
% Correct
Matt Lauer
53.9%
Willem Dafoe
50.6%
Eric McCormack and Debra Messing
48.3%
Demi Lovato
47.1%
Felicity Huffman
43%
Heidi Klum
39.2%
Toby Keith
36.7%
Josh Gad
22.4%

You're not logged in!

Compare scores with friends on all Sporcle quizzes.
Sign Up with Email
OR
Log In

You Might Also Like...

Show Comments

Extras

Top Quizzes Today


Score Distribution

Your Account Isn't Verified!

In order to create a playlist on Sporcle, you need to verify the email address you used during registration. Go to your Sporcle Settings to finish the process.

Report this User

Report this user for behavior that violates our Community Guidelines.

Details: